| 000 | 00555nam a2200205 a 4500 | ||
|---|---|---|---|
| 001 | 85905 | ||
| 003 | BD-RjUL | ||
| 005 | 20251102110929.0 | ||
| 008 | 251102s1908 |||||||| |||| 00| 0 eng d | ||
| 035 | _a(BD-RjUL) | ||
| 040 |
_aBD-RjUL _beng _cBD-RjUL |
||
| 041 | _aeng | ||
| 082 |
_223 _a347.5405 _bGUI 1908 |
||
| 245 | _aGuide To The Code Of Civil Procedure | ||
| 260 |
_aLahore : _bLaw Book House, _c[1908] |
||
| 300 |
_a155 p.; _c19 cm. |
||
| 650 |
_aCivil procedure _zIndia _94331 |
||
| 650 |
_aCivil procedure _zPakistan _917264 |
||
| 942 |
_2ddc _cBK |
||
| 999 |
_c85905 _d85905 |
||